Estudio de aplicacion de la red digital de servicios integrados (RDSI) en Costa Rica (ISDN).

Збережено в:
Бібліографічні деталі
Автор: Camacho Mora, Gilbert Ricardo
Інші автори: Montero Corredera, Miguel Angel, Villalobos Segura, Jorge Manuel
Формат: Книга
Опубліковано: San José, Costa Rica 1987
Предмети:
Теги: Додати тег
Немає тегів, Будьте першим, хто поставить тег для цього запису!

MARC

LEADER 00000nam a2200000Ia 4500
003 004530
005 20221231144345.0
008 140114s1987 cr a m 000 ||s d
040 |c cru CEDI 
090 |a TFG 2061 
100 |a Camacho Mora, Gilbert Ricardo  |9 13694 
245 |a Estudio de aplicacion de la red digital de servicios integrados (RDSI) en Costa Rica (ISDN). 
260 |c 1987  |a San José, Costa Rica 
300 |a  xix, 424 hojas : ilustraciones ; 28 cm  
500 |a  Tesis (licenciatura en ingenieria electrica)--Universidad de Costa Rica. Facultad de Ingeniería. Escuela de Ingenieria Electrica 
650 |x SISTEMAS DE TRANSMISION DE DATOS   |x TELEMATICA  |9 13697 
700 |9 13695  |a Montero Corredera, Miguel Angel 
700 |9 13696  |a Villalobos Segura, Jorge Manuel 
942 |c TFG 
999 |c 20681  |d 20681